| 000 | 03104nam a22004337a 4500 | ||
|---|---|---|---|
| 999 |
_c6602 _d6602 |
||
| 003 | OSt | ||
| 005 | 20260409132105.0 | ||
| 008 | 190228c xxuf||p| |||| 00| 0 spa d | ||
| 040 | _cPJ | ||
| 245 | 1 | 0 |
_aRevista de derecho laboral : _bla COVID-19 y las relaciones de trabajo / _cdirector Mario E. Ackerman. |
| 260 |
_aSanta Fé : _bRubinzal-Culzoni, _c2021. |
||
| 300 |
_a555 p. _c22 cm. |
||
| 310 | _asemestral | ||
| 362 | _aNo. 1 (2021) | ||
| 505 |
_tLa respuesta normativa ante la covid-19. una visión institucional / _r Lorenzo P. Gnecco. |
||
| 505 |
_tEl régimen causal de las enfermedades profesionales y el desafío de la covid-19 / _rJosé Daniel Machado. |
||
| 505 |
_tAnálisis de las normas sobre vigencia temporal del régimen especial de cobertura de la covid-19 en la ley de riesgos del trabajo y sobre sus reglas de financiamiento / _rMiguel Ángel Maza. |
||
| 505 |
_tLas suspensiones fundadas en el artículo 223 bis de la lct, a partir del dnu 329/2020, del 31 de marzo - relación del mismo con el dnu 297/2020, del 20 de marzo - nota a los casos “cardozo” y “tebes”/ _rJuan Á. Confalonier . |
||
| 505 |
_tEl artículo 223 bis de la lct, una vieja solución para problemas nuevos / _rAlejandro Raúl Ferrari. |
||
| 505 |
_tLas facultades de dirección del empleador durante la pandemia de la covid-19 / _rCarlos Alberto Livellara. |
||
| 505 |
_tAlgunas consideraciones sobre las suspensiones y despidos por razones económicas según la lct y la prohibición de despidos y suspensión en el marco de la pandemia de la covid-19 / _r Diego Fernando Manauta. |
||
| 505 |
_tAlgunos apuntes acerca de la norma que duplica la indemnización por despido sin justa causa / _rSilvia Pinto Varela. |
||
| 505 |
_tEl derecho al empleo y covid - el derecho al trabajo como derecho humano fundamental, decretos 313/2020 y 331/2020 y la automatización del trabajo / _r María Silvina Ruiz. |
||
| 505 |
_tEl sistema especial de la fuerza mayor / _r César Arese. |
||
| 505 |
_tRégimen legal del teletrabajo / _rCarlos C. Aronna y Eduardo Loustaunau. |
||
| 505 |
_tEl régimen legal del contrato de teletrabajo y la certeza de la marginal influencia de la ley en el bienestar de los individuos / _r Horacio Las Heras. |
||
| 505 |
_tEl teletrabajo. algunas cuestiones puntuales / _rJorge Oscar Morresi. |
||
| 505 |
_tLa hora del derecho a la desconexión / _rOscar E. Benítez. |
||
| 505 |
_tEl teletrabajo y las responsabilidades familiares - tareas de cuidado / _r Liliana Hebe Litterio. |
||
| 505 |
_tDiscapacidad, empleo y teletrabajo en tiempos de covid-19 / _rCarolina N. Santostefano. |
||
| 505 |
_tSumarios y sistematización de fallos / _r María Isabel Sforsini y Diego Guirado Colaborador: Nahuel Nehuen Espinillo. |
||
| 650 | 0 |
_91316 _aDERECHO LABORAL |
|
| 650 | 0 |
_95233 _aPANDEMIA |
|
| 650 | 0 |
_95216 _aCORONAVIRUS |
|
| 700 |
_91423 _aAckermann, Mario Eduardo _edirector |
||
| 856 |
_uhttps://www.rubinzal.com.ar/revistas/revista-de-derecho-laboral/5/?home=1 _yRubinzal Culzoni Editores |
||
| 942 |
_2udc _cPP _h347.1(05) _iREV |
||